[Event "AUT-chT2M 2324"]
[Site "Austria"]
[Date "2023.12.03"]
[Round "5.5"]
[White "Kiss, Attila"]
[Black "Burrer, Fabian"]
[Result "1/2-1/2"]
[WhiteElo "2298"]
[BlackElo "2215"]
[PlyCount "61"]
[EventDate "2023.11.03"]
[EventType "team-tourn"]
[EventRounds "11"]
[EventCountry "AUT"]
[SourceTitle "CBM 219 Extra"]
[Source "ChessBase"]
[SourceDate "2024.05.31"]
[SourceVersion "1"]
[SourceVersionDate "2024.05.31"]
[SourceQuality "1"]
[WhiteTeam "Fuerstenfeld/Hartberg"]
[BlackTeam "Gamlitz"]
[WhiteTeamCountry "AUT"]
[BlackTeamCountry "AUT"]

1. e4 c5 2. Nf3 g6 3. c4 Bg7 4. d4 cxd4 5. Nxd4 Nc6 6. Be3 d6 7. Nc3 Nf6 8. Be2 0-0 9. 0-0 Bd7 10. Qd2 Nxd4 11. Bxd4 Bc6 12. f3 Nd7 13. b4 Bxd4+ 14. Qxd4 Qb6 15. Qxb6 Nxb6 16. Rfc1 Rfc8 17. a3 Bd7 18. Nd5 Nxd5 19. cxd5 f5 20. exf5 Bxf5 21. Kf2 Rxc1 22. Rxc1 Rc8 23. Rxc8+ Bxc8 24. f4 Kf7 25. Ke3 Kf6 26. Bd3 Bd7 27. Be4 Bc8 28. Kd4 Bd7 29. Ke3 Bc8 30. Kd4 Bd7 31. Ke3 1/2-1/2

[Event "AUT-chT2M 2324"]
[Site "Austria"]
[Date "2023.11.05"]
[Round "3.6"]
[White "Burrer, Fabian"]
[Black "Kobas, Mihael"]
[Result "1/2-1/2"]
[WhiteElo "2215"]
[BlackElo "1979"]
[PlyCount "132"]
[EventDate "2023.11.03"]
[EventType "team-tourn"]
[EventRounds "11"]
[EventCountry "AUT"]
[SourceTitle "CBM 217 Extra"]
[Source "ChessBase"]
[SourceDate "2024.01.31"]
[SourceVersion "1"]
[SourceVersionDate "2024.01.31"]
[SourceQuality "1"]
[WhiteTeam "Gamlitz"]
[BlackTeam "St Veit/Glan"]
[WhiteTeamCountry "AUT"]
[BlackTeamCountry "AUT"]

1. Nc3 d5 2. e4 c6 3. d4 dxe4 4. Nxe4 Nf6 5. Nxf6+ exf6 6. c3 Bd6 7. Bd3 0-0 8. Qc2 Re8+ 9. Ne2 h5 10. Be3 Be6 11. 0-0 h4 12. h3 Nd7 13. Rad1 Nf8 14. c4 Rc8 15. Qa4 Qd7 16. d5 cxd5 17. Qxd7 Bxd7 18. cxd5 Ng6 19. Nd4 a6 20. Nf5 Bxf5 21. Bxf5 Rc7 22. Rd4 Ne7 23. Bg4 f5 24. Bf3 Ng6 25. Rfd1 Rc2 26. R4d2 Rxd2 27. Bxd2 Ne5 28. Be2 Rc8 29. Kf1 f6 30. Bc3 Kf7 31. Rd4 g5 32. g3 hxg3 33. fxg3 Nd7 34. Rd3 Nc5 35. Re3 Ne4 36. g4 Bc5 37. Rd3 f4 38. Kg2 Re8 39. Bf3 Nd6 40. b3 Be3 41. Bb4 Ke7 42. Rc3 Kd7 43. Rc2 Rc8 44. Rxc8 Nxc8 45. Be4 Nd6 46. Bd3 Bd4 47. Kf3 Be5 48. a4 Kc7 49. Ba5+ b6 50. Be1 a5 51. h4 gxh4 52. Bxh4 Nf7 53. Ke4 Nd6+ 54. Kf3 Nf7 55. Bf2 Ng5+ 56. Ke2 Nh3 57. Be1 Ng1+ 58. Kf2 Nh3+ 59. Kf3 Ng5+ 60. Ke2 Nh3 61. Be4 Ng5 62. Kd3 Nf7 63. Bd2 Nd6 64. Bg6 Nb7 65. Kc4 Nd6+ 66. Kd3 Nb7 1/2-1/2

[Event "AUT-chT2M 2223"]
[Site "Austria"]
[Date "2023.04.14"]
[Round "10.5"]
[White "Eder, Andreas"]
[Black "Burrer, Fabian"]
[Result "0-1"]
[WhiteElo "2174"]
[BlackElo "2208"]
[PlyCount "78"]
[EventDate "2022.09.30"]
[EventType "team-tourn"]
[EventRounds "11"]
[EventCountry "AUT"]
[SourceTitle "EXT 2024"]
[Source "ChessBase"]
[SourceDate "2023.10.10"]
[SourceVersion "1"]
[SourceVersionDate "2023.10.10"]
[SourceQuality "1"]
[WhiteTeam "St Valentin"]
[BlackTeam "Gamlitz"]
[WhiteTeamCountry "AUT"]
[BlackTeamCountry "AUT"]

1. d4 Nf6 2. Nc3 d5 3. Bf4 c6 4. e3 Bf5 5. f3 e6 6. g4 Bg6 7. h4 h5 8. g5 Nfd7 9. Bd3 Bxd3 10. Qxd3 g6 11. Nge2 Bg7 12. Bg3 Qe7 13. 0-0-0 0-0 14. e4 Na6 15. Qe3 Nb6 16. exd5 Qb4 17. a3 Qxb2+ 18. Kxb2 Nc4+ 19. Ka2 Nxe3 20. Rb1 cxd5 21. Rxb7 Rfc8 22. Rhb1 Nf5 23. Bf2 Nxd4 24. Bxd4 Bxd4 25. Nxd4 Rxc3 26. Re7 Nc5 27. Rb5 a6 28. Rb4 Rc8 29. Kb2 Re3 30. Ra7 e5 31. Nc6 Rxc6 32. Ra8+ Kg7 33. Kb1 Re1+ 34. Ka2 Na4 35. Rxa4 d4 36. R4xa6 Rxc2+ 37. Kb3 Rc3+ 38. Kb4 Rb1+ 39. Ka4 Rbb3 0-1

[Event "AUT-chT2M 2223"]
[Site "Austria"]
[Date "2023.03.05"]
[Round "9.5"]
[White "Ennsberger, Ulrich"]
[Black "Burrer, Fabian"]
[Result "1-0"]
[WhiteElo "2271"]
[BlackElo "2179"]
[PlyCount "55"]
[EventDate "2022.09.30"]
[EventType "team-tourn"]
[EventRounds "11"]
[EventCountry "AUT"]
[SourceTitle "CBM 213 Extra"]
[Source "ChessBase"]
[SourceDate "2023.05.31"]
[SourceVersion "1"]
[SourceVersionDate "2023.05.31"]
[SourceQuality "1"]
[WhiteTeam "Ansfelden Union"]
[BlackTeam "Gamlitz"]
[WhiteTeamCountry "AUT"]
[BlackTeamCountry "AUT"]

1. Nf3 c5 2. e4 d6 3. Bb5+ Nd7 4. d4 cxd4 5. Qxd4 a6 6. Bxd7+ Bxd7 7. Nc3 e5 8. Qd3 Be7 9. 0-0 h6 10. Nd5 Rc8 11. b3 Bc6 12. Nxe7 Qxe7 13. Ba3 Nf6 14. Rfe1 Nxe4 15. Rxe4 Bxe4 16. Qxe4 0-0 17. Rd1 Rfd8 18. c4 Rd7 19. Qd5 Rcd8 20. Nd2 Kh8 21. Ne4 f5 22. Nxd6 Qf6 23. c5 e4 24. h3 Re8 25. Re1 Qc3 26. Rc1 Qa5 27. Nf7+ Kh7 28. Qxf5+ 1-0

[Event "AUT-ch U18"]
[Site "St Veit"]
[Date "2018.03.26"]
[Round "3"]
[White "Burrer, Fabian"]
[Black "Kozissnik, Christian"]
[Result "0-1"]
[WhiteElo "2081"]
[BlackElo "2002"]
[PlyCount "124"]
[EventDate "2018.03.25"]
[EventType "swiss"]
[EventRounds "7"]
[EventCountry "AUT"]
[SourceTitle "EXT 2019"]
[Source "ChessBase"]
[SourceDate "2018.10.10"]
[SourceVersion "1"]
[SourceVersionDate "2018.10.10"]
[SourceQuality "1"]

1. e4 e6 2. d4 d5 3. Nc3 Bb4 4. e5 c5 5. Bd2 cxd4 6. Nb5 Be7 7. Qg4 g6 8. Nf3 Nc6 9. h4 a6 10. Nbxd4 Nxd4 11. Nxd4 Qc7 12. Bc3 Nh6 13. Qf4 Nf5 14. Nxf5 gxf5 15. Be2 Bd7 16. Rh3 0-0-0 17. Bd4 Kb8 18. Rb3 Bb5 19. Bxb5 axb5 20. 0-0-0 Rc8 21. Qd2 Qc6 22. g3 Rc7 23. Kb1 Rhc8 24. Rc1 Qa6 25. Bc3 Rc4 26. Bb4 Bxb4 27. Rxb4 Qc6 28. Rb3 Qa6 29. Ra3 Ra4 30. Rxa4 bxa4 31. Qb4 Qc4 32. Qxc4 Rxc4 33. Re1 h5 34. c3 a3 35. Kc2 axb2 36. Kxb2 Kc7 37. f4 Re4 38. Rc1 Re3 39. c4 d4 40. Rd1 Rxg3 41. Rxd4 Rh3 42. a4 Rxh4 43. Kc3 Rh1 44. a5 h4 45. Kb4 h3 46. Kc5 Ra1 47. Rd2 Rxa5+ 48. Kb4 Ra8 49. Rh2 Rh8 50. Kc5 Rh4 51. Kb5 b6 52. c5 bxc5 53. Kxc5 Rxf4 54. Rxh3 Re4 55. Rh7 Rxe5+ 56. Kc4 Kc6 57. Rxf7 Re4+ 58. Kd3 Kd5 59. Ra7 Ke5 60. Ra8 Kf4 61. Rf8 e5 62. Rf7 Rd4+ 0-1

[Event "Donau op 26th"]
[Site "Aschach"]
[Date "2017.12.26"]
[Round "1"]
[White "Zelcic, Robert"]
[Black "Burrer, Fabian"]
[Result "1-0"]
[WhiteElo "2501"]
[BlackElo "2028"]
[PlyCount "116"]
[EventDate "2017.12.26"]
[EventType "swiss"]
[EventRounds "7"]
[EventCountry "AUT"]
[SourceTitle "CBM 182 Extra"]
[Source "ChessBase"]
[SourceDate "2018.02.23"]
[SourceVersion "1"]
[SourceVersionDate "2018.02.23"]
[SourceQuality "1"]

1. e4 c5 2. Nf3 d6 3. d4 cxd4 4. Nxd4 Nf6 5. Nc3 Nc6 6. Be2 g6 7. Be3 Bg7 8. Qd2 Ng4 9. Bxg4 Bxg4 10. Nxc6 bxc6 11. h3 Be6 12. Bh6 0-0 13. Bxg7 Kxg7 14. 0-0 Qa5 15. b3 Rfd8 16. Rad1 d5 17. Qe3 Qb6 18. Qg3 d4 19. Qe5+ Kg8 20. Na4 Qb8 21. Qc5 Qd6 22. Rd3 Bc8 23. Rfd1 e5 24. Qxd6 Rxd6 25. Nc5 Rb8 26. c3 Rb5 27. cxd4 exd4 28. Na4 c5 29. Rc1 f5 30. f3 fxe4 31. fxe4 Bb7 32. Nxc5 Kg7 33. Nxb7 Rxb7 34. Rc4 Rbd7 35. e5 Rd5 36. e6 Re7 37. Rdxd4 Rxd4 38. Rxd4 Kf6 39. Ra4 Kxe6 40. Re4+ Kd6 41. Rxe7 Kxe7 42. Kf2 Kd6 43. a3 Kd5 44. Ke3 Ke5 45. h4 h6 46. b4 Kd5 47. Kd3 g5 48. h5 g4 49. g3 Ke5 50. a4 Kd5 51. b5 Kc5 52. Kc3 Kd5 53. Kb4 Ke4 54. a5 Kf3 55. b6 axb6 56. axb6 Kxg3 57. b7 Kh3 58. b8Q g3 1-0

[Event "AUT-ch U18"]
[Site "St Veit"]
[Date "2017.04.12"]
[Round "6"]
[White "Kranzl, Julian"]
[Black "Burrer, Fabian"]
[Result "1-0"]
[WhiteElo "2159"]
[BlackElo "2037"]
[PlyCount "67"]
[EventDate "2017.04.09"]
[EventType "swiss"]
[EventRounds "7"]
[EventCountry "AUT"]
[SourceTitle "CBM 178 Extra"]
[Source "ChessBase"]
[SourceDate "2017.06.22"]
[SourceVersion "1"]
[SourceVersionDate "2017.06.22"]
[SourceQuality "1"]

1. e4 c5 2. Nc3 Nc6 3. Bb5 g6 4. Bxc6 bxc6 5. f4 Bg7 6. Nf3 d5 7. d3 e6 8. 0-0 Ne7 9. Re1 0-0 10. Na4 Qa5 11. c4 Rd8 12. Bd2 Qc7 13. e5 Bf8 14. Qc2 Nf5 15. Qc3 a5 16. Rad1 h5 17. b3 d4 18. Qc2 Be7 19. Bc1 Rb8 20. Qf2 Kg7 21. g3 Rh8 22. h3 Ba6 23. Kg2 Qd8 24. Ba3 Rb4 25. Nd2 g5 26. Bxb4 cxb4 27. Ne4 gxf4 28. Qxf4 Kh7 29. Kf3 Rg8 30. g4 Nh4+ 31. Ke2 f5 32. exf6 Ng2 33. Qe5 Bf8 34. Rg1 1-0

[Event "AUT-ch U18"]
[Site "St Veit"]
[Date "2017.04.11"]
[Round "4"]
[White "Burrer, Fabian"]
[Black "Hoegl, Emanuel"]
[Result "0-1"]
[WhiteElo "2037"]
[BlackElo "1992"]
[PlyCount "94"]
[EventDate "2017.04.09"]
[EventType "swiss"]
[EventRounds "7"]
[EventCountry "AUT"]
[SourceTitle "CBM 178 Extra"]
[Source "ChessBase"]
[SourceDate "2017.06.22"]
[SourceVersion "1"]
[SourceVersionDate "2017.06.22"]
[SourceQuality "1"]

1. e4 c6 2. d4 d5 3. Nc3 dxe4 4. Nxe4 Bf5 5. Ng3 Bg6 6. h4 h6 7. h5 Bh7 8. Nf3 Nd7 9. Bd3 Bxd3 10. Qxd3 e6 11. Bd2 Ngf6 12. 0-0-0 Qc7 13. Qe2 0-0-0 14. Ne5 Nb6 15. Ba5 Rd5 16. Bxb6 axb6 17. c4 Ra5 18. Kb1 Bd6 19. f4 Re8 20. Rh3 Kb8 21. b3 Rd8 22. Rhh1 Bb4 23. Qf3 b5 24. c5 Nd5 25. Ne2 Ra6 26. Nd3 Qa5 27. Ndc1 Bd2 28. Rh3 Bxc1 29. Nxc1 b4 30. Rd2 Nc3+ 31. Ka1 Rxd4 32. Qf2 Rxd2 33. Qxd2 Qxc5 34. Rd3 Nd5 35. Kb2 Ra8 36. Rg3 Qf8 37. Qd4 f6 38. Qe4 Qe7 39. Qh7 Qc5 40. Rxg7 Qd4+ 41. Kc2 Qf2+ 42. Kd3 Nxf4+ 43. Ke4 f5+ 44. Ke5 Qe3+ 45. Kd6 Qd4+ 46. Ke7 Ka7 47. Rg8 Nd5+ 0-1

[Event "AUT-ch U18"]
[Site "St Veit"]
[Date "2017.04.10"]
[Round "3"]
[White "Kruckenhauser, Arthur"]
[Black "Burrer, Fabian"]
[Result "0-1"]
[WhiteElo "1872"]
[BlackElo "2037"]
[PlyCount "48"]
[EventDate "2017.04.09"]
[EventType "swiss"]
[EventRounds "7"]
[EventCountry "AUT"]
[SourceTitle "CBM 178 Extra"]
[Source "ChessBase"]
[SourceDate "2017.06.22"]
[SourceVersion "1"]
[SourceVersionDate "2017.06.22"]
[SourceQuality "1"]

1. e4 c5 2. Nf3 d6 3. d4 cxd4 4. Nxd4 Nf6 5. Nc3 Nc6 6. Bg5 e6 7. Qd2 Be7 8. 0-0-0 a6 9. Be2 Bd7 10. Bxf6 gxf6 11. Bh5 Qa5 12. Qe2 Rc8 13. Nb3 Qc7 14. f4 b5 15. Rhe1 Nb4 16. f5 Nxc2 17. Kxc2 b4 18. Nd4 Qa5 19. fxe6 Ba4+ 20. b3 Bxb3+ 21. axb3 Qa2+ 22. Kc1 Qa1+ 23. Kc2 Rxc3+ 24. Kd2 Qb2+ 0-1

[Event "AUT-ch U18"]
[Site "St Veit"]
[Date "2017.04.09"]
[Round "1"]
[White "Toelly, Michael"]
[Black "Burrer, Fabian"]
[Result "1-0"]
[WhiteElo "2244"]
[BlackElo "2037"]
[PlyCount "93"]
[EventDate "2017.04.09"]
[EventType "swiss"]
[EventRounds "7"]
[EventCountry "AUT"]
[SourceTitle "CBM 178 Extra"]
[Source "ChessBase"]
[SourceDate "2017.06.22"]
[SourceVersion "1"]
[SourceVersionDate "2017.06.22"]
[SourceQuality "1"]

1. e4 c5 2. Nf3 d6 3. d4 cxd4 4. Nxd4 Nf6 5. Nc3 Nc6 6. Bg5 Qb6 7. Nb3 Be6 8. Qd2 h6 9. Be3 Qd8 10. Nd4 Bd7 11. f3 a6 12. Be2 b5 13. a4 b4 14. Nd5 Nxd5 15. exd5 Nxd4 16. Bxd4 a5 17. 0-0 e5 18. dxe6 fxe6 19. f4 h5 20. Qd3 Kf7 21. f5 e5 22. Qe4 Be7 23. Bc4+ Kf8 24. Qd5 Qe8 25. Be3 Bc6 26. Qe6 Bd7 27. Qd5 Bc6 28. Qd2 Qd8 29. Rad1 Qc7 30. f6 gxf6 31. Bg5 Kg7 32. Bxf6+ Bxf6 33. Rxf6 Kxf6 34. Rf1+ Ke7 35. Qg5+ Kd7 36. Qg7+ Kc8 37. Qxh8+ Kb7 38. Qxh5 Qb6+ 39. Kh1 Rc8 40. b3 Bxa4 41. Rf7+ Kb8 42. Be6 Be8 43. Qh8 Rd8 44. Rf8 Qb5 45. Qf6 Qb6 46. Qe7 Qc7 47. Rxe8 1-0

[Event "AUT-ch U16"]
[Site "St Veit"]
[Date "2016.03.23"]
[Round "6"]
[White "Pellizzari, Sebastian"]
[Black "Burrer, Fabian"]
[Result "0-1"]
[WhiteElo "1582"]
[BlackElo "1741"]
[PlyCount "66"]
[EventDate "2016.03.20"]
[EventType "swiss"]
[EventRounds "7"]
[EventCountry "AUT"]
[SourceTitle "CBM 171 Extra"]
[Source "ChessBase"]
[SourceDate "2016.04.26"]
[SourceVersion "1"]
[SourceVersionDate "2016.04.26"]
[SourceQuality "1"]

1. d4 d5 2. c4 e6 3. Nc3 c6 4. cxd5 exd5 5. Bf4 Bf5 6. e3 Bd6 7. Bxd6 Qxd6 8. Bd3 Bxd3 9. Qxd3 Nf6 10. Nge2 0-0 11. 0-0 Re8 12. Ng3 Nbd7 13. Rab1 a5 14. f3 Rad8 15. Rfe1 h5 16. Rbd1 g6 17. Nf1 Re6 18. Nd2 Rde8 19. e4 dxe4 20. Ndxe4 Qe7 21. Re2 Nd5 22. Ng3 Rxe2 23. Ngxe2 N7f6 24. Ng3 h4 25. Nge4 Nxe4 26. Nxe4 f5 27. Nc5 b6 28. Nb3 a4 29. Nd2 Qg5 30. Nf1 Nf4 31. Qc4+ Kg7 32. Rd2 Re1 33. Qxc6 Nh3+ 0-1

[Event "AUT-ch U16"]
[Site "St Veit"]
[Date "2016.03.22"]
[Round "4"]
[White "Gelbenegger, Patrick"]
[Black "Burrer, Fabian"]
[Result "1-0"]
[WhiteElo "2071"]
[BlackElo "1741"]
[PlyCount "53"]
[EventDate "2016.03.20"]
[EventType "swiss"]
[EventRounds "7"]
[EventCountry "AUT"]
[SourceTitle "CBM 171 Extra"]
[Source "ChessBase"]
[SourceDate "2016.04.26"]
[SourceVersion "1"]
[SourceVersionDate "2016.04.26"]
[SourceQuality "1"]

1. e4 c5 2. Nf3 d6 3. d4 cxd4 4. Nxd4 Nf6 5. Nc3 Nc6 6. Be2 e6 7. Be3 Be7 8. 0-0 a6 9. f4 0-0 10. Kh1 Qc7 11. Qe1 b5 12. a3 Bb7 13. Qg3 Rfe8 14. Rae1 Kh8 15. Bd3 e5 16. Nxc6 Bxc6 17. fxe5 dxe5 18. Rf5 Bf8 19. Ref1 Re6 20. Bg5 Be7 21. Nd5 Qd6 22. Nxe7 Qxe7 23. Qh4 Rd8 24. R1f3 Rdd6 25. Rh3 h5 26. Bxf6 Rxf6 27. Rxh5+ 1-0

[Event "AUT-ch U16"]
[Site "St Veit"]
[Date "2016.03.21"]
[Round "3"]
[White "Burrer, Fabian"]
[Black "Prato, Simon"]
[Result "1-0"]
[WhiteElo "1741"]
[BlackElo "1703"]
[PlyCount "67"]
[EventDate "2016.03.20"]
[EventType "swiss"]
[EventRounds "7"]
[EventCountry "AUT"]
[SourceTitle "CBM 171 Extra"]
[Source "ChessBase"]
[SourceDate "2016.04.26"]
[SourceVersion "1"]
[SourceVersionDate "2016.04.26"]
[SourceQuality "1"]

1. e4 c5 2. Nf3 d6 3. d4 Nf6 4. Nc3 cxd4 5. Nxd4 e5 6. Nb3 Be6 7. Be2 Be7 8. Be3 0-0 9. 0-0 d5 10. exd5 Nxd5 11. Nxd5 Bxd5 12. c4 Be6 13. Nc5 Bxc5 14. Bxc5 Re8 15. Qxd8 Rxd8 16. Rfd1 Nc6 17. b3 Nd4 18. Bxd4 exd4 19. Rd2 Rd7 20. Bd3 g6 21. Re1 Kg7 22. h3 Kf6 23. g4 h5 24. f3 Rh8 25. Kg2 Rc8 26. Kg3 a5 27. f4 Rc5 28. f5 gxf5 29. gxf5 Bxf5 30. Rf2 Kg5 31. h4+ Kg6 32. Rxf5 Rxf5 33. Rf1 Re7 34. Rxf5 1-0